| 000 | 01003nam a22002535a 4500 | ||
|---|---|---|---|
| 003 | OSt | ||
| 005 | 20180619145148.0 | ||
| 008 | 180619s2018 ua grb 000 0 ara d | ||
| 017 | _a2018 / 1630 | ||
| 020 | _a9789772052660 | ||
| 040 |
_aEG-ScBUE _bara _cEG-ScBUE |
||
| 082 | 0 | 4 |
_a297 _bهـ ذ ا _222 |
| 245 | 0 | 0 |
_aهذا هو الإسلام / _cبقلم مجموعة من العلماء ؛ إشراف محيي الدين عفيفي أحمد. |
| 260 |
_aالقاهرة : _bالأزهر الشريف، مجمع البحوث الإسلامية، _c2018. |
||
| 300 |
_a202 ص. ؛ _c20 سم. |
||
| 490 | 0 |
_aسلسلة مجمع البحوث الإسلامية. _aالسلسلة العلمية ؛ _v49 |
|
| 504 | _aيشتمل على إرجاعات ببليوجرافية. | ||
| 541 |
_aد. نهى جمال ؛ _cإهداء ؛ |
||
| 650 | 7 |
_aالإسلام. _2BUEsh |
|
| 651 | _2BUEsh | ||
| 653 |
_bGGEN _cJune2018 |
||
| 700 | 1 |
_aأحمد، محيي الدين عفيفي، _eمشرف. |
|
| 942 | _2ddc | ||
| 999 |
_c26791 _d26763 |
||